Central Library OPAC University of Rajshahi

বাংলাদেশের সংবিধানের বিকাশ, বৈশিষ্ট ও বিচ্যুতি / (Record no. 48520)

MARC details
000 -LEADER
fixed length control field 01279nam a2200265 a 4500
001 - CONTROL NUMBER
control field 48520
003 - CONTROL NUMBER IDENTIFIER
rucl marc code BD-RjUL
005 - DATE AND TIME OF LATEST TRANSACTION
control field 20211209054534.0
008 - FIXED-LENGTH DATA ELEMENTS--GENERAL INFORMATION
fixed length control field 160814s2009 bg ||||| |||| 00| 0 ben d
020 ## - INTERNATIONAL STANDARD BOOK NUMBER
International Standard Book Number 984702960047
Terms of availability : Tk.100.00
035 ## - SYSTEM CONTROL NUMBER
System control number (BD-RjUL)48639
040 ## - CATALOGING SOURCE
Original cataloging agency BD-RjUL
Language of cataloging ben
Transcribing agency BD-RjUL
Modifying agency BD-RjUL
041 ## - LANGUAGE CODE
Language code of text/sound track or separate title ben
082 ## - DEWEY DECIMAL CLASSIFICATION NUMBER
Edition number 23
Classification number 342.095492
Author mark and year RAB 2009
100 ## - MAIN ENTRY--PERSONAL NAME
Personal name রাব্বানী, মোহাম্মদ গোলাম
9 (RLIN) 146666
245 10 - TITLE STATEMENT
Title বাংলাদেশের সংবিধানের বিকাশ, বৈশিষ্ট ও বিচ্যুতি /
Statement of responsibility, etc. মোহাম্মদ গোলাম রাব্বানী,
260 ## - PUBLICATION, DISTRIBUTION, ETC. (IMPRINT)
Place of publication, distribution, etc. ঢাকা :
Name of publisher, distributor, etc. বাংলাদেশ চর্চা,
Date of publication, distribution, etc. ২০০৯.
300 ## - PHYSICAL DESCRIPTION
Pagination ৬৩ পৃ. ;
Size ২৬ সেমি.
490 ## - SERIES STATEMENT
Series statement মিসবাহউদ্দিন খান স্মারক বক্তৃতা-
Volume/sequential designation
500 ## - GENERAL NOTE
General note নির্ঘন্ট সংযুক্ত
650 ## - SUBJECT ADDED ENTRY--TOPICAL TERM
Topical term or geographic name as entry element সাংবিধানিক ও প্রশাসনিক আইন
9 (RLIN) 144016
Topical term or geographic name as entry element Constitutional and administrative law
9 (RLIN) 144017
830 ## - SERIES ADDED ENTRY--UNIFORM TITLE
Uniform title মিসবাহউদ্দিন খান স্মারক বক্তৃতা-
Volume number/sequential designation
942 ## - ADDED ENTRY ELEMENTS (KOHA)
Source of classification or shelving scheme Dewey Decimal Classification
Koha item type Books
Holdings
Lost status Source of classification or shelving scheme Damaged status Not for loan Collection code Permanent Location Current Location Shelving location Date acquired Source of acquisition Cost, normal purchase price Total Checkouts Full call number Date last seen Date checked out Copy number Koha item type
  Dewey Decimal Classification     Non-fiction Central Library, University of Rajshahi Central Library, University of Rajshahi   25/05/2010 Suborno, Dhaka. 100.00 2 B 342.095492 RAB 2009 16/11/2023 12/11/2023 C-2 Books
  Dewey Decimal Classification   Not For Loan Non-fiction Central Library, University of Rajshahi Central Library, University of Rajshahi Reading Room 25/05/2010 Suborrno, Dhaka. 100.00   B 342.095492 RAB 2009 26/12/2016   C-1 Books